00521nam a22001817a 450000500170000001000130001702000100003003500130004003700160005308200130006910000140008224500530009626000330014927000450018230000320022765000320025965000480029120181218163307.0 aA-896202 c65.00 aA-896202 bCen Lib/Ret a573bDAS aDas, B. M aOutline of physical anthropology /cby B. M. Das aAllahabadbKitab Mahalc1998 a84, K. P. Kakkar MargbAllahabade211003 aiv, 399p. :c21cm(Hb)bill. aAnthropology-human skeleton aPhysical anthropology-historical background